La responsabilidad extracontractual /

Guardado en:
Autor Principal: Rosenkrantz, Carlos F., (comp.)
Formato: Desconocido
Idioma:Spanish
Publicado: Barcelona : Gedisa, 2005
Edición:1a. ed.
Series:Biblioteca Yale de Estudios Jurídicos
Materias:
Etiquetas: Agregar Etiqueta
Sin Etiquetas, Sea el primero en etiquetar este registro!
LEADER 00660nac a22001935a 4500
001 DER.der003798
008 180615s2005####ag#||||||||||||||#||spa||
005 20251216110135.0
245 1 0 |a La responsabilidad extracontractual /  |c compilado por Carlos F. Rosenkrantz. 
250 |a 1a. ed. 
260 |a Barcelona :  |b Gedisa,  |c 2005 
300 |a 314 p. 
490 1 |a Biblioteca Yale de Estudios Jurídicos 
020 |a 8497841069 
100 1 |a Rosenkrantz, Carlos F.,  |e comp. 
650 7 |a DERECHO DE DAÑOS 
859 |a DERECHO  |b BIB. DERECHO  |h 346.5  |i ROS  |p 005378 
859 |a DERECHO  |b BIB. DERECHO  |h 346.5  |i ROS  |p 005379  |t 1 
859 |a DERECHO  |b BIB. DERECHO  |h 346.5  |i ROS  |p 0010099  |t 2